| 000 | 00393nam a2200145 i 4500 | ||
|---|---|---|---|
| 001 | 55956 | ||
| 003 | ES-MaACL | ||
| 007 | t| | ||
| 008 | 031001s1969 mx ||||1| spa d | ||
| 100 | 1 |
_aDíaz Garay, Salvador. _944284 |
|
| 245 | 1 | 4 |
_aLos hijos de Smith / _cSalvador Díaz Garay. |
| 260 |
_aMéxico : _bMeridiano, _c1969. |
||
| 300 |
_a184 p. ; _c17 cm. |
||
| 852 |
_aES-MaACL _jE-9818 _bR.93562 |
||
| 999 |
_c55956 _d55956 |
||